[Event "XII Festival A"]
[Site "Campobasso ITA"]
[Date "2005.07.08"]
[Round "2"]
[White "Vanzan, Alessandro"]
[Black "Muolo, Angelo"]
[Result "0-1"]
[WhiteElo "1886"]
[BlackElo "1873"]
[PlyCount "88"]
[EventDate "2005.07.08"]

1. c4 Nf6 2. Nc3 e6 3. g3 c5 4. Bg2 Be7 5. Nf3 a6 6. O-O O-O 7. d3 d6 8. a3 Qc7
9. Bd2 Nc6 10. Rc1 Bd7 11. Na2 Rab8 12. b4 b6 13. b5 axb5 14. cxb5 Na7 15. a4
d5 16. Bb4 Bc8 17. Rc2 Bd6 18. Qc1 Qe7 19. Ba3 Bd7 20. d4 c4 21. Bxd6 Qxd6 22.
Ne5 Bxb5 23. axb5 Nxb5 24. e3 Nc7 25. Rb2 b5 26. Qb1 Rb6 27. Rd1 Rfb8 28. Nc3
b4 29. Na4 Rb5 30. e4 Na6 31. exd5 exd5 32. Bf1 Ra5 33. Qa1 Ne4 34. Bxc4 f6 35.
Ba2 fxe5 36. dxe5 Qxe5 37. Rxb4 Qf5 38. Rxe4 Qxe4 39. Bxd5+ Rxd5 40. Qa2 Nb4
41. Qb3 Qe6 42. Rc1 Re5 43. Qf3 Rf8 44. Qd1 Re8 0-1

[Event "XII Festival A"]
[Site "Campobasso ITA"]
[Date "2005.07.08"]
[Round "2"]
[White "Vincenzi, Marco"]
[Black "Bottega, Antonio"]
[Result "0-1"]
[WhiteElo "2053"]
[BlackElo "1814"]
[PlyCount "86"]
[EventDate "2005.07.08"]

1. e4 d6 2. d4 Nd7 3. Nf3 c6 4. c4 Qc7 5. Nc3 g6 6. Be2 Bg7 7. O-O Ngf6 8. h3
O-O 9. Be3 e5 10. dxe5 dxe5 11. b4 Rd8 12. Qb3 Nf8 13. b5 N6d7 14. Rfd1 Ne6 15.
bxc6 bxc6 16. Qa4 Bf8 17. Qc2 Bc5 18. Bxc5 Nexc5 19. Qd2 Re8 20. Qh6 f6 21. Nh2
Nf8 22. Bg4 Bxg4 23. Nxg4 Qe7 24. f3 Red8 25. Qe3 Nfe6 26. Ne2 Rab8 27. h4 h5
28. Nh2 Kh7 29. Rxd8 Rxd8 30. Rb1 Rd7 31. g4 hxg4 32. Nxg4 Qg7 33. Nf2 Qh6 34.
Qxh6+ Kxh6 35. Ng4+ Kg7 36. Rb2 Rd1+ 37. Kg2 Nd4 38. a4 Nxe2 39. Rxe2 Ra1 40.
Rd2 Rxa4 41. Rd6 Rxc4 42. Rxc6 Rc2+ 43. Kg3 Nxe4+ 0-1

[Event "XII Festival A"]
[Site "Campobasso ITA"]
[Date "2005.07.08"]
[Round "2"]
[White "Vuelban, Virgilio"]
[Black "Castrogiovanni, Carlo"]
[Result "1-0"]
[WhiteElo "2305"]
[BlackElo "2108"]
[PlyCount "41"]
[EventDate "2005.07.08"]

1. e4 c5 2. Nf3 a6 3. c4 e6 4. Nc3 Nc6 5. d4 cxd4 6. Nxd4 Qc7 7. Be3 Nf6 8. Rc1
Be7 9. Be2 d6 10. O-O Qb8 11. f4 Bd7 12. Kh1 b5 13. cxb5 Nxd4 14. Bxd4 e5 15.
fxe5 dxe5 16. Be3 axb5 17. Bg5 b4 18. Nd5 Nxd5 19. Qxd5 Be6 20. Bb5+ Kf8 21.
Qxe6 1-0

[Event "XII Festival A"]
[Site "Campobasso ITA"]
[Date "2005.07.09"]
[Round "3"]
[White "Attianese, Aniello"]
[Black "Palladino, Andrea"]
[Result "0-1"]
[WhiteElo "1953"]
[BlackElo "1814"]
[PlyCount "89"]
[EventDate "2005.07.08"]

1. d4 Nf6 2. c4 g6 3. Nc3 Bg7 4. e4 d6 5. f4 O-O 6. Nf3 c5 7. d5 b5 8. e5 dxe5
9. fxe5 Ng4 10. Bf4 bxc4 11. Bxc4 Ba6 12. Qe2 Bxc4 13. Qxc4 Nd7 14. Qe4 Qb6 15.
e6 Ndf6 16. exf7+ Rxf7 17. Qc4 Qb4 18. Qxb4 cxb4 19. Nb5 Nxd5 20. Bc1 a6 21.
Nbd4 Bxd4 22. Nxd4 e5 23. Nf3 Rd8 24. Rf1 Nde3 25. Bxe3 Nxe3 26. Rf2 e4 27. Ke2
Ng4 28. Rff1 exf3+ 29. gxf3 Nxh2 30. Rf2 Nxf3 31. Ke3 Ng5 32. Rxf7 Kxf7 33. Rc1
h5 34. Rc6 Kg7 35. Rxa6 h4 36. Rc6 h3 37. Rc1 Rf8 38. Rh1 Rh8 39. Kf4 Ne6+ 40.
Kg4 Nc5 41. Kf3 Nd3 42. a4 Ne5+ 43. Kg3 h2 44. Rxh2 Rxh2 45. Kxh2 0-1

[Event "XII Festival A"]
[Site "Campobasso ITA"]
[Date "2005.07.09"]
[Round "3"]
[White "Bottega, Antonio"]
[Black "Petruccioli, Antonio"]
[Result "0-1"]
[WhiteElo "1814"]
[BlackElo "2083"]
[PlyCount "100"]
[EventDate "2005.07.08"]

1. d4 e6 2. Nf3 c5 3. e3 Nf6 4. Bd3 b6 5. Nbd2 Bb7 6. Qe2 cxd4 7. exd4 Be7 8.
O-O O-O 9. Ne5 d6 10. Nef3 Qc7 11. c3 Nbd7 12. Ne4 Rfe8 13. Bg5 h6 14. Bh4 Nxe4
15. Bxe4 Bxh4 16. Nxh4 Bxe4 17. Qxe4 Nf6 18. Qd3 e5 19. Nf5 Qd7 20. dxe5 Rxe5
21. Qf3 Rae8 22. Nd4 Ne4 23. Rad1 d5 24. h3 Kf8 25. Qd3 Qa4 26. a3 Qc4 27. Qxc4
dxc4 28. Nf3 Rb5 29. Rb1 Rd5 30. Rbd1 Red8 31. Rd4 Rxd4 32. Nxd4 Nc5 33. Rd1
Re8 34. Kf1 a6 35. Nf5 b5 36. Ne3 Nd3 37. b3 Rc8 38. bxc4 bxc4 39. Rb1 Rc6 40.
Nd5 f6 41. Rb7 Rc5 42. Ne3 Ne5 43. Nf5 Nd3 44. Ne3 f5 45. g3 f4 46. gxf4 Nxf4
47. Rb8+ Kf7 48. Rb7+ Kg8 49. Rb8+ Kh7 50. Rb6 a5 0-1

[Event "XII Festival A"]
[Site "Campobasso ITA"]
[Date "2005.07.09"]
[Round "3"]
[White "Canelli, Daniele"]
[Black "Vanzan, Alessandro"]
[Result "1-0"]
[WhiteElo "2080"]
[BlackElo "1886"]
[PlyCount "115"]
[EventDate "2005.07.08"]

1. d4 Nf6 2. c4 d6 3. Nc3 g6 4. Nf3 Bg7 5. Bg5 O-O 6. Qd2 Re8 7. e4 Nbd7 8. Be2
c5 9. d5 a6 10. a4 Qa5 11. O-O Nb6 12. h3 Nfd7 13. Rfc1 Qb4 14. Qd3 Ne5 15.
Nxe5 Bxe5 16. a5 Nd7 17. Rcb1 b5 18. cxb5 axb5 19. Qxb5 Bxc3 20. bxc3 Qxe4 21.
Qc6 Rxa5 22. Rxa5 Qxb1+ 23. Kh2 Qb7 24. Qxb7 Bxb7 25. Bb5 Bc8 26. Ra7 f6 27.
Bf4 Rd8 28. c4 Kf7 29. Bd2 Ne5 30. f4 Nd3 31. Ba5 Rg8 32. Bc7 g5 33. Bxd6 gxf4
34. Bxe7 Kg6 35. d6 Ne5 36. d7 Bxd7 37. Bxd7 Nxc4 38. Bxc5 Ne5 39. Be6 Rd8 40.
Ra2 h5 41. Bb3 Kg5 42. Bf2 Rd3 43. Bc2 Rd2 44. Bb1 Rd1 45. Be4 f5 46. Bf3 Rf1
47. Bd5 h4 48. Bd4 Ng4+ 49. hxg4 fxg4 50. g3 fxg3+ 51. Kg2 Re1 52. Bb6 Kf5 53.
Bc6 Re7 54. Ra5+ Kg6 55. Ra2 Re6 56. Rc2 Kg5 57. Bd8+ Kh5 58. Rc5+ 1-0

[Event "XII Festival A"]
[Site "Campobasso ITA"]
[Date "2005.07.09"]
[Round "3"]
[White "Capuano, Eugenio"]
[Black "Damia, Angelo"]
[Result "1-0"]
[WhiteElo "2173"]
[BlackElo "2155"]
[PlyCount "95"]
[EventDate "2005.07.08"]

1. d4 Nf6 2. Nf3 d6 3. c4 g6 4. Nc3 Bg7 5. e4 O-O 6. Be2 e5 7. O-O Nc6 8. d5
Ne7 9. b4 Ne8 10. c5 f5 11. Nd2 Nf6 12. f3 f4 13. Nc4 a6 14. a4 g5 15. Ba3 dxc5
16. bxc5 c6 17. Nd6 cxd5 18. exd5 Nf5 19. Nxf5 Bxf5 20. Bd3 Bxd3 21. Qxd3 g4
22. Rab1 gxf3 23. Qxf3 Rf7 24. Rb6 Rc8 25. d6 Qd7 26. Nd5 Nxd5 27. Qxd5 Rc6 28.
Rb3 Kh8 29. Rfb1 f3 30. Rxf3 Rxf3 31. Qxf3 h6 32. Qb3 e4 33. Qxb7 Bd4+ 34. Kh1
Qxb7 35. Rxb7 Bxc5 36. d7 Be7 37. Kg1 Bg5 38. g3 Kg8 39. Rb8+ Kf7 40. d8=Q Bxd8
41. Rxd8 Rc4 42. Bd6 Rxa4 43. Bf4 Kg6 44. Rd6+ Kf5 45. Kf2 Ra2+ 46. Rd2 Ra3 47.
Bxh6 a5 48. h3 1-0

[Event "XII Festival A"]
[Site "Campobasso ITA"]
[Date "2005.07.09"]
[Round "3"]
[White "Castrogiovanni, Carlo"]
[Black "Bocci, Alessandro"]
[Result "1-0"]
[WhiteElo "2108"]
[BlackElo "1947"]
[PlyCount "67"]
[EventDate "2005.07.08"]

1. Nf3 Nf6 2. c4 g6 3. Nc3 Bg7 4. g3 d6 5. Bg2 O-O 6. O-O e5 7. d3 Nc6 8. Rb1
a5 9. a3 Nd7 10. b4 axb4 11. axb4 f5 12. Ng5 Qe7 13. Bd5+ Kh8 14. Ne6 Nf6 15.
Nxf8 Nxd5 16. Nxg6+ hxg6 17. Nxd5 Qf7 18. b5 Nd4 19. e3 Ne6 20. Bb2 Ng5 21. f4
exf4 22. exf4 Ne6 23. d4 Ra2 24. Kh1 c5 25. Qb3 Rxb2 26. Qxb2 Nxd4 27. Qa2 Be6
28. Qg2 Kh7 29. Rbe1 Kg8 30. Re3 Kh7 31. Ra3 Kg8 32. Ra8+ Kh7 33. Rb1 Bxd5 34.
Qxd5 1-0

[Event "XII Festival A"]
[Site "Campobasso ITA"]
[Date "2005.07.09"]
[Round "3"]
[White "Cioce, Enrico"]
[Black "Stromboli, Carlo"]
[Result "1-0"]
[WhiteElo "1840"]
[BlackElo "2158"]
[PlyCount "75"]
[EventDate "2005.07.08"]

1. d4 Nf6 2. c4 e6 3. Nc3 Bb4 4. Qc2 b6 5. Bg5 h6 6. Bh4 Bb7 7. Nf3 O-O 8. e3
Nc6 9. Be2 Be7 10. a3 d6 11. b4 Nd7 12. Bxe7 Nxe7 13. O-O f5 14. Rad1 Nf6 15.
d5 e5 16. Ne1 Bc8 17. Nd3 Ng6 18. f4 Qe7 19. fxe5 Nxe5 20. Nf2 Bd7 21. Rde1
Rae8 22. Ncd1 Qf7 23. Nd3 Ne4 24. Nf4 Qf6 25. Bd3 Nxd3 26. Qxd3 g5 27. Ne2 Qe5
28. Nd4 Qg7 29. Nf2 Qg6 30. Ne2 Qg7 31. Nxe4 Rxe4 32. Nd4 Qe7 33. Rf2 f4 34.
Ne6 Rxe6 35. dxe6 Qxe6 36. Qd5 fxe3 37. Rxe3 Qxd5 38. cxd5 1-0

[Event "XII Festival A"]
[Site "Campobasso ITA"]
[Date "2005.07.09"]
[Round "3"]
[White "Colucci, Stefano"]
[Black "Angelillis, Nicola"]
[Result "1/2-1/2"]
[WhiteElo "1856"]
[BlackElo "1826"]
[PlyCount "97"]
[EventDate "2005.07.08"]

1. d4 Nf6 2. c4 g6 3. Nc3 Bg7 4. g3 d6 5. Nf3 O-O 6. Bg2 c6 7. O-O Nbd7 8. e4
e5 9. h3 Qb6 10. dxe5 dxe5 11. Qe2 Re8 12. Be3 Qc7 13. Rfd1 b6 14. Rd2 Bb7 15.
Rad1 Bf8 16. Ne1 Bc5 17. Bxc5 Nxc5 18. b4 Ne6 19. Nc2 Rad8 20. Qe3 Kg7 21. Na4
Rxd2 22. Rxd2 Rd8 23. c5 b5 24. Nc3 h5 25. h4 Ng4 26. Qe2 Rd7 27. Qd1 Nf6 28.
Bh3 Rxd2 29. Qxd2 Bc8 30. Bxe6 Bxe6 31. a3 a5 32. Kg2 a4 33. Ne1 Qe7 34. Nf3
Bg4 35. Ng5 Ne8 36. Nd1 Bc8 37. Ne3 Nc7 38. Nf3 f6 39. Nc2 Bd7 40. Kf1 Qe6 41.
Ng1 Qc4+ 42. Ne2 Bg4 43. Ne3 Bxe2+ 44. Qxe2 Qxe4 45. Qd2 Qd4 46. Qxd4 exd4 47.
Nc2 d3 48. Nd4 Nd5 49. Nxc6 1/2-1/2

[Event "XII Festival A"]
[Site "Campobasso ITA"]
[Date "2005.07.09"]
[Round "3"]
[White "Cordi', Domenico"]
[Black "Piro, Valerio"]
[Result "0-1"]
[WhiteElo "2086"]
[BlackElo "2102"]
[PlyCount "84"]
[EventDate "2005.07.08"]

1. d4 g6 2. Nf3 Bg7 3. c4 d6 4. Nc3 Nc6 5. e4 e5 6. d5 Nce7 7. Bd3 f5 8. O-O f4
9. Bd2 Nf6 10. c5 Bg4 11. cxd6 cxd6 12. Qa4+ Kf8 13. Rac1 Ne8 14. Be2 Bd7 15.
Qa3 Nc8 16. Bb5 Bf6 17. Rc2 g5 18. Rfc1 g4 19. Ne1 h5 20. Bxd7 Qxd7 21. Nb5 Bd8
22. Nd3 Bb6 23. Nxe5 Qxb5 24. Rxc8 Rxc8 25. Rxc8 Bc5 26. Rxc5 dxc5 27. Ng6+ Kg8
28. Nxf4 a6 29. Qc3 Qa4 30. e5 Qd1+ 31. Be1 Rh6 32. Kf1 Rb6 33. e6 Qd4 34. Qxd4
cxd4 35. Ke2 Nc7 36. Kd3 Nxd5 37. Nxd5 Rxe6 38. Ba5 Re5 39. Kxd4 Re2 40. Nf6+
Kf7 41. Nxh5 Rxb2 42. a4 Rxf2 0-1

[Event "XII Festival A"]
[Site "Campobasso ITA"]
[Date "2005.07.09"]
[Round "3"]
[White "D'Innocente, Stefano"]
[Black "Cappai, Davide"]
[Result "1-0"]
[WhiteElo "2276"]
[BlackElo "2115"]
[PlyCount "75"]
[EventDate "2005.07.08"]

1. e4 c5 2. Nf3 Nc6 3. Nc3 g6 4. d4 cxd4 5. Nxd4 Bg7 6. Nde2 Nf6 7. g3 O-O 8.
Bg2 d6 9. O-O Be6 10. h3 Qa5 11. Nf4 Bc4 12. Re1 Rad8 13. Bd2 Rd7 14. Rb1 e6
15. b3 Ba6 16. b4 Nxb4 17. Nce2 Qxa2 18. Bxb4 Rc8 19. Nc3 Qc4 20. Bf1 Qc6 21.
Bxa6 Qxa6 22. Qd3 Qc6 23. Nb5 b6 24. Nxd6 Bf8 25. e5 Ne8 26. Qa6 Nxd6 27. Bxd6
Bxd6 28. exd6 Rxd6 29. Qxa7 Ra8 30. Qe7 Re8 31. Qg5 Qxc2 32. Nh5 Red8 33. Nf6+
Kg7 34. Qe5 Rd3 35. Nh5+ Kf8 36. Qg7+ Ke7 37. Qf6+ Kf8 38. Nf4 1-0

[Event "XII Festival A"]
[Site "Campobasso ITA"]
[Date "2005.07.09"]
[Round "3"]
[White "Di Carlo, Romeo"]
[Black "Muolo, Angelo"]
[Result "0-1"]
[WhiteElo "2085"]
[BlackElo "1873"]
[PlyCount "63"]
[EventDate "2005.07.08"]

1. d4 Nf6 2. Nf3 e6 3. Bf4 c5 4. e3 a6 5. c3 Be7 6. h3 b6 7. Nbd2 Bb7 8. Bd3 d6
9. a4 Nbd7 10. Qe2 Nf8 11. O-O Ng6 12. Bh2 Nd5 13. Rfd1 f5 14. dxc5 bxc5 15.
Nc4 O-O 16. Bc2 Rf6 17. a5 Bc6 18. Nfd2 Qf8 19. e4 fxe4 20. Nxe4 Ndf4 21. Qe3
Rf5 22. Ncxd6 Nxg2 23. Kxg2 Rf3 24. Qxc5 Rc8 25. Qh5 Rxf2+ 26. Kg1 Rxc2 27. Qg4
Bxd6 28. Qxe6+ Kh8 29. Bxd6 Re8 30. Qb3 Rg2+ 31. Kxg2 Bxe4+ 32. Kh2 0-1

[Event "XII Festival A"]
[Site "Campobasso ITA"]
[Date "2005.07.09"]
[Round "3"]
[White "Fezza, Davide"]
[Black "Leveque, Sergio"]
[Result "1/2-1/2"]
[WhiteElo "2062"]
[BlackElo "2109"]
[PlyCount "24"]
[EventDate "2005.07.08"]

1. e4 c5 2. c3 d5 3. exd5 Qxd5 4. d4 cxd4 5. cxd4 Nc6 6. Nf3 e5 7. Nc3 Bb4 8.
dxe5 Qxd1+ 9. Kxd1 Bg4 10. Bf4 Nd4 11. Bb5+ Kf8 12. Be2 Rd8 1/2-1/2

[Event "XII Festival A"]
[Site "Campobasso ITA"]
[Date "2005.07.09"]
[Round "3"]
[White "Gromovs, Sergejs"]
[Black "Fioravanti, Diego"]
[Result "1-0"]
[WhiteElo "2375"]
[BlackElo "2150"]
[PlyCount "65"]
[EventDate "2005.07.08"]

1. d4 Nf6 2. Nf3 c5 3. d5 g6 4. c4 b5 5. cxb5 a6 6. Nc3 axb5 7. e4 b4 8. Nb5 d6
9. Bf4 Bg7 10. e5 dxe5 11. Bxe5 O-O 12. Bc4 Ne8 13. O-O Ba6 14. Bxg7 Kxg7 15.
Qe2 Bxb5 16. Bxb5 Nd6 17. Bd3 Nd7 18. Rfe1 Ra5 19. h4 Re8 20. h5 e5 21. dxe6
Rxe6 22. Qd2 Qe7 23. h6+ Kg8 24. a3 Ne4 25. Bxe4 Rxe4 26. axb4 Rxa1 27. Rxa1
cxb4 28. Ra7 Re2 29. Rxd7 Rxd2 30. Rxe7 Rd1+ 31. Kh2 Kf8 32. Rb7 Rf1 33. Ne5
1-0

[Event "XII Festival A"]
[Site "Campobasso ITA"]
[Date "2005.07.09"]
[Round "3"]
[White "Iodice, Fabio"]
[Black "Grimaldi, Pasquale"]
[Result "0-1"]
[WhiteElo "1802"]
[BlackElo "1910"]
[PlyCount "66"]
[EventDate "2005.07.08"]

1. d4 Nf6 2. Nf3 e6 3. e3 b6 4. Bd3 Bb7 5. Nbd2 d5 6. O-O Be7 7. b3 O-O 8. Bb2
Nbd7 9. Qe2 c5 10. c4 cxd4 11. Nxd4 Nc5 12. Bc2 dxc4 13. Nxc4 Ba6 14. Nc6 Qc7
15. Nxe7+ Qxe7 16. Ba3 Qc7 17. Rac1 Rfc8 18. Rfd1 b5 19. Bxc5 bxc4 20. Bd4 e5
21. Ba1 Qa5 22. bxc4 Rxc4 23. Qf3 Rac8 24. Qf5 R4c5 25. g4 e4 26. Qf4 Rxc2 27.
Rxc2 Rxc2 28. g5 Ne8 29. Qxe4 Qxg5+ 30. Kh1 Rc8 31. Rg1 Qb5 32. Bxg7 Nxg7 33.
Qg4 Qe5 0-1

[Event "XII Festival A"]
[Site "Campobasso ITA"]
[Date "2005.07.09"]
[Round "3"]
[White "Ortega, Lexy"]
[Black "Borin, Fabio"]
[Result "1-0"]
[WhiteElo "2429"]
[BlackElo "2184"]
[PlyCount "53"]
[EventDate "2005.07.08"]

1. d4 d6 2. e4 Nf6 3. Nc3 e5 4. Nf3 Nbd7 5. Bc4 Be7 6. O-O O-O 7. a4 c6 8. Re1
a5 9. h3 Qb6 10. b3 exd4 11. Nxd4 Nc5 12. Ba3 Re8 13. Qf3 Nxa4 14. Nxa4 Qxd4
15. e5 dxe5 16. Bxe7 b5 17. Bxf6 gxf6 18. Rad1 Qa7 19. Qxc6 Bxh3 20. Bxb5 Bg4
21. Qxf6 Bxd1 22. Bxe8 Rxe8 23. Rxd1 Qc7 24. Rd3 Qxc2 25. Rg3+ Kf8 26. Qh8+ Ke7
27. Qxe5+ 1-0

[Event "XII Festival A"]
[Site "Campobasso ITA"]
[Date "2005.07.09"]
[Round "3"]
[White "Ragnoni, Edoardo"]
[Black "Ficco, Corrado"]
[Result "0-1"]
[WhiteElo "1802"]
[BlackElo "2170"]
[PlyCount "122"]
[EventDate "2005.07.08"]

1. e4 c5 2. Nf3 e6 3. d4 cxd4 4. Nxd4 Nc6 5. Nc3 a6 6. Be2 Nge7 7. O-O Nxd4 8.
Qxd4 Nc6 9. Qd1 Qc7 10. Be3 Be7 11. f4 d6 12. Kh1 O-O 13. Na4 b5 14. Nb6 Rb8
15. Nxc8 Rbxc8 16. Rf3 Bf6 17. c3 Na5 18. Rh3 Nc4 19. Bc1 g6 20. Rb1 Bg7 21.
Bd3 Rcd8 22. Qe1 Qe7 23. Qf2 d5 24. e5 Rc8 25. Rf3 Rc6 26. Be3 Nxe3 27. Qxe3
Qc5 28. Qxc5 Rxc5 29. Rff1 a5 30. Rfd1 f6 31. b4 Rxc3 32. exf6 Bxf6 33. bxa5 b4
34. Rd2 Rfc8 35. a6 Ra3 36. g3 Bc3 37. Rc2 Rc5 38. Rb3 Rxb3 39. axb3 Ra5 40.
Kg2 Kf7 41. Kf2 Ke7 42. Ke2 Kd7 43. h4 Ra3 44. Ke3 Kc7 45. Ke2 Rxb3 46. Ra2 Ra3
47. Rxa3 bxa3 48. Bb1 Kb6 49. Ba2 Kxa6 50. g4 Kb6 51. Kd3 Bb2 52. h5 gxh5 53.
f5 exf5 54. gxf5 Kc5 55. Ke3 Kd6 56. Kf3 Ke5 57. f6 Kd6 58. f7 Bg7 59. Kg3 d4
60. Kf3 Ke5 61. Ke2 h4 0-1

[Event "XII Festival A"]
[Site "Campobasso ITA"]
[Date "2005.07.09"]
[Round "3"]
[White "Rossi, Aldo A."]
[Black "Vuelban, Virgilio"]
[Result "0-1"]
[WhiteElo "2154"]
[BlackElo "2305"]
[PlyCount "72"]
[EventDate "2005.07.08"]

1. d4 Nf6 2. Nf3 g6 3. Bf4 Bg7 4. e3 O-O 5. Be2 d6 6. h3 c5 7. c3 cxd4 8. exd4
Nd5 9. Bh2 Qb6 10. Qb3 Qa5 11. Nbd2 Nb6 12. O-O Nc6 13. Qb5 Qxb5 14. Bxb5 a6
15. Bxc6 bxc6 16. Rfe1 Ra7 17. Re2 Rd8 18. Rae1 Kf8 19. Ne4 Bd7 20. b3 h6 21.
c4 Nc8 22. c5 Be6 23. cxd6 exd6 24. Rc2 Bd5 25. Ned2 Re7 26. Rcc1 f5 27. h4 Bf6
28. Bf4 Rh7 29. Re2 Kf7 30. Ree1 Rg8 31. Nc4 Bxc4 32. bxc4 g5 33. hxg5 hxg5 34.
Bxg5 Bxg5 35. Nxg5+ Rxg5 36. Re2 Rgh5 0-1

[Event "XII Festival A"]
[Site "Campobasso ITA"]
[Date "2005.07.09"]
[Round "3"]
[White "Sannino, Raffaele"]
[Black "Ragnoni, Alessandro"]
[Result "0-1"]
[WhiteElo "2005"]
[BlackElo "2086"]
[PlyCount "92"]
[EventDate "2005.07.08"]

1. c4 e5 2. Nc3 f5 3. g3 Nf6 4. Bg2 c6 5. d4 e4 6. f3 d5 7. Qb3 dxc4 8. Qxc4 b5
9. Qb3 Qxd4 10. Bg5 b4 11. Rd1 Qe5 12. Na4 Be6 13. Qc2 Bd5 14. Bxf6 gxf6 15. b3
Nd7 16. f4 Qe6 17. e3 Nb6 18. Nc5 Qe7 19. Rc1 Qxc5 20. Qxc5 Bxc5 21. Rxc5 Nd7
22. Rc2 Ke7 23. Ne2 c5 24. Kf2 h5 25. Rd1 Be6 26. h4 a5 27. Nc1 Rhc8 28. Bf1
Nb6 29. Be2 Bf7 30. Rcd2 Rd8 31. Rxd8 Rxd8 32. Rxd8 Kxd8 33. Ke1 Kc7 34. Kd2
Kc6 35. Ke1 Nc8 36. Ba6 Nd6 37. Be2 Nb5 38. Bxb5+ Kxb5 39. Kd2 a4 40. Kc2 c4
41. bxa4+ Kxa4 42. Ne2 Ka3 43. Kb1 c3 44. Nc1 Bxa2+ 45. Nxa2 c2+ 46. Ka1 b3 0-1

[Event "XII Festival A"]
[Site "Campobasso ITA"]
[Date "2005.07.09"]
[Round "3"]
[White "Strippoli, Michele"]
[Black "Gojani, Mentor"]
[Result "0-1"]
[WhiteElo "1808"]
[BlackElo "1869"]
[PlyCount "113"]
[EventDate "2005.07.08"]

1. e4 e5 2. Nf3 Qf6 3. d4 exd4 4. Qxd4 Qxd4 5. Nxd4 Nf6 6. Bd3 Bc5 7. Nf3 O-O
8. O-O Re8 9. Nc3 d6 10. Bg5 Nbd7 11. h3 c6 12. a3 h6 13. Bf4 Ne5 14. Nxe5 dxe5
15. Bg3 Bd4 16. Nd1 Nh5 17. Bh2 Nf4 18. Bc4 b5 19. c3 bxc4 20. cxd4 Ne2+ 21.
Kh1 exd4 22. f3 f6 23. Rf2 d3 24. Nc3 Nxc3 25. bxc3 a5 26. Rb2 f5 27. e5 Be6
28. Rab1 g5 29. f4 Bd5 30. Kg1 Be4 31. Kf2 Red8 32. Ke3 d2 33. Rd1 Rd3+ 34. Ke2
Bxg2 35. Kf2 Be4 36. fxg5 hxg5 37. h4 g4 38. Rbxd2 Rad8 39. Rxd3 Rxd3 40. Rxd3
cxd3 41. Ke3 Kf7 42. Bf4 c5 43. Kd2 c4 44. Ke3 Kg6 45. Kf2 Bc6 46. Kg3 Be8 47.
Bd2 Kf7 48. Kf2 Ke6 49. Bf4 Kd5 50. Ke3 d2 51. Kxd2 Ke4 52. Bg5 f4 53. Ke2 Kxe5
54. Kf2 Ke4 55. Bh6 Bh5 56. Bg7 g3+ 57. Kg1 0-1

[Event "XII Festival A"]
[Site "Campobasso ITA"]
[Date "2005.07.09"]
[Round "3"]
[White "Stromboli, Ettore"]
[Black "Mrdja, Milan"]
[Result "0-1"]
[WhiteElo "2192"]
[BlackElo "2352"]
[PlyCount "98"]
[EventDate "2005.07.08"]

1. e4 c5 2. Nf3 Nc6 3. d4 cxd4 4. Nxd4 Qc7 5. Nc3 e6 6. g3 a6 7. Bg2 d6 8. O-O
Bd7 9. Nxc6 Bxc6 10. Re1 Be7 11. Ne2 Nf6 12. Nd4 Bd7 13. b3 O-O 14. c4 Rac8 15.
Qd2 g6 16. Ba3 Rfd8 17. e5 Ne8 18. Rad1 Bc6 19. Nxc6 bxc6 20. exd6 Bxd6 21.
Bxd6 Rxd6 22. Qc2 c5 23. Rxd6 Nxd6 24. Be4 Rd8 25. Rd1 a5 26. Qe2 Kg7 27. h4
Qe7 28. Qe3 Qf6 29. Qe2 Qe5 30. Bf3 Qxe2 31. Bxe2 Kf8 32. Kg2 Ke7 33. Kf3 h6
34. g4 a4 35. Rd3 Ra8 36. Bd1 axb3 37. Bxb3 h5 38. Kg3 hxg4 39. Kxg4 Nf5 40. f4
Rh8 41. Rh3 Nd4 42. Bd1 Rb8 43. Bb3 Ra8 44. h5 gxh5+ 45. Rxh5 f5+ 46. Kg3 Rg8+
47. Kh3 Rg4 48. Rh7+ Kd6 49. Bd1 Rg1 0-1

[Event "XII Festival A"]
[Site "Campobasso ITA"]
[Date "2005.07.09"]
[Round "3"]
[White "Vanacore, Francesco"]
[Black "Vincenzi, Marco"]
[Result "1-0"]
[WhiteElo "1868"]
[BlackElo "2053"]
[PlyCount "78"]
[EventDate "2005.07.08"]

1. e4 c5 2. Nf3 d6 3. d3 Nc6 4. g3 g6 5. Bg2 Bg7 6. O-O e6 7. Nbd2 Nge7 8. a4
O-O 9. c3 Rb8 10. Nc4 d5 11. exd5 exd5 12. Ne3 d4 13. cxd4 Nxd4 14. Nxd4 Bxd4
15. Qc2 Be6 16. Bd2 Qd7 17. Bc3 Rfd8 18. Rfd1 Nf5 19. Ng4 Qd6 20. Nf6+ Bxf6 21.
Bxf6 Bb3 22. Qxb3 Qxf6 23. Qc3 Nd4 24. Kf1 b6 25. Re1 Rd7 26. Re3 Kg7 27. Rae1
Rbd8 28. Be4 h5 29. h4 Qd6 30. f4 Kh7 31. Kf2 f5 32. Bg2 Qf6 33. Qc4 Qf7 34.
Qc3 Kh6 35. Re5 Qa2 36. Re7 Qxa4 37. Bf1 Rxe7 38. Rxe7 Qd1 39. Be2 Qh1 1-0

[Event "XII Festival A"]
[Site "Campobasso ITA"]
[Date "2005.07.09"]
[Round "3"]
[White "Viterbo, Luca"]
[Black "Scagliarini, Bruno"]
[Result "0-1"]
[WhiteElo "1802"]
[BlackElo "1992"]
[PlyCount "78"]
[EventDate "2005.07.08"]

1. e4 e6 2. d4 d5 3. Nd2 c5 4. c3 Nc6 5. exd5 exd5 6. dxc5 Bxc5 7. Ngf3 Nf6 8.
h3 O-O 9. Be2 Qb6 10. O-O Ne4 11. Nxe4 dxe4 12. Ng5 Bf5 13. Qd5 Ne7 14. Qc4
Rac8 15. Qb5 h6 16. Qa4 hxg5 17. b4 Bd6 18. Be3 Qc7 19. Rac1 a6 20. Bxg5 Bf4
21. Bxf4 Qxf4 22. c4 Nc6 23. Rcd1 Ne5 24. Qb3 Rfd8 25. a4 Nd3 26. c5 Qg5 27.
Kh1 Nf4 28. g4 Be6 29. Qe3 Bd5 30. Kh2 Ne6 31. Qg3 Qf6 32. h4 Qf4 33. g5 Bb3
34. Rxd8+ Rxd8 35. a5 Rd2 36. Re1 Ba4 37. Kg1 Qxg3+ 38. fxg3 Bc6 39. Kf2 Nd4
0-1

[Event "XII Festival A"]
[Site "Campobasso ITA"]
[Date "2005.07.09"]
[Round "3"]
[White "Voiska, Margarita"]
[Black "Ljubisavljevic, Zivojin Z."]
[Result "0-1"]
[WhiteElo "2328"]
[BlackElo "2261"]
[PlyCount "87"]
[EventDate "2005.07.08"]

1. d4 Nf6 2. Nf3 e6 3. e3 c5 4. Bd3 b6 5. O-O Bb7 6. c4 Be7 7. Nc3 d5 8. cxd5
exd5 9. Bb5+ Kf8 10. Ne5 a6 11. Be2 Nbd7 12. f4 c4 13. Bf3 b5 14. a3 h5 15. b3
Qc7 16. bxc4 dxc4 17. Bb2 Rd8 18. Nxd7+ Qxd7 19. Qe2 Bxf3 20. Qxf3 a5 21. Ne4
b4 22. axb4 axb4 23. Nc5 Qc8 24. Rfc1 c3 25. Bxc3 bxc3 26. Rxc3 Nd5 27. Rcc1
Qg4 28. Qe4 Bxc5 29. Rxc5 Nf6 30. Qc2 h4 31. Rg5 Qc8 32. Rc5 Qd7 33. Rc7 Qe6
34. Qc5+ Kg8 35. Re7 Qd5 36. Raa7 Rf8 37. Reb7 h3 38. Qxd5 Nxd5 39. Ra3 hxg2
40. Rb5 Nf6 41. Kxg2 Rh6 42. Re5 Ng4 43. Re4 Rxh2+ 44. Kf3 0-1

[Event "XII Festival A"]
[Site "Campobasso ITA"]
[Date "2005.07.09"]
[Round "4"]
[White "Angelillis, Nicola"]
[Black "Bottega, Antonio"]
[Result "1-0"]
[WhiteElo "1826"]
[BlackElo "1814"]
[PlyCount "101"]
[EventDate "2005.07.08"]

1. e4 d6 2. d4 Nd7 3. Nf3 c6 4. c4 Qc7 5. Nc3 g6 6. Be2 Bg7 7. O-O Ngf6 8. h3
O-O 9. Be3 e5 10. d5 c5 11. a3 a6 12. b4 b6 13. Qb3 Rb8 14. Rfb1 h6 15. Ra2 Ne8
16. Nd2 f5 17. f3 f4 18. Bf2 Bf6 19. Rab2 Qd8 20. Qc2 Ra8 21. Na4 Bh4 22. Bxh4
Qxh4 23. Qd1 Ng7 24. bxc5 bxc5 25. Nb6 Nxb6 26. Rxb6 Qg5 27. Kh1 Nh5 28. Rxd6
Ng3+ 29. Kh2 Rf6 30. Rxf6 Qxf6 31. Nf1 Qg5 32. Bd3 Bd7 33. Bc2 Rf8 34. Qe1 Nh5
35. Rb6 Bc8 36. Ba4 Kh7 37. Rc6 Ng7 38. Qf2 Bd7 39. Rxa6 Bxa4 40. Rxa4 Rb8 41.
Ra5 h5 42. Rxc5 h4 43. Rb5 Ra8 44. Rb3 Nh5 45. c5 Ra4 46. c6 Rc4 47. Qa7+ Kh6
48. Rb7 Nf6 49. Rb8 Qg3+ 50. Nxg3 fxg3+ 51. Kh1 1-0

[Event "XII Festival A"]
[Site "Campobasso ITA"]
[Date "2005.07.09"]
[Round "4"]
[White "Bocci, Alessandro"]
[Black "Attianese, Aniello"]
[Result "0-1"]
[WhiteElo "1947"]
[BlackElo "1953"]
[PlyCount "89"]
[EventDate "2005.07.08"]

1. d4 d5 2. Nf3 c5 3. c4 e6 4. cxd5 exd5 5. Nc3 Be6 6. g3 Bd6 7. Bg2 Nc6 8. O-O
Nge7 9. Nb5 Bb8 10. dxc5 a6 11. Nbd4 Ba7 12. Nxe6 fxe6 13. Nd4 Qd7 14. Bh3 Nxd4
15. Qxd4 O-O-O 16. Qxg7 Bxc5 17. Qe5 Nf5 18. Bxf5 exf5 19. Bf4 Bd6 20. Rac1+
Kb8 21. Qxd6+ Qxd6 22. Bxd6+ Rxd6 23. Rfd1 Rc6 24. Rxc6 bxc6 25. Rd4 Re8 26. e3
Kc7 27. Kg2 Kd6 28. Ra4 Ra8 29. Rb4 Ra7 30. h4 a5 31. Rb8 c5 32. h5 c4 33. h6
Ke5 34. Kf3 a4 35. Rb6 a3 36. Ke2 d4 37. Rb5+ Ke6 38. exd4 axb2 39. Rxb2 Kd5
40. Ke3 Ra3+ 41. Ke2 Kxd4 42. Kd1 c3 43. Re2 Ra6 44. Rc2 Rxh6 45. Ke2 0-1